• 首页
  • 本馆介绍
  • 公告通知
  • 最新文献
  • 馆藏检索
  • 电子资源
  • 读者导购
  • 参考咨询
  • 我的图书馆
  • 登录
  • 详细信息显示
  • 放入我的书架
  • 预约/预借图书
  • 作者相关作品
  • 分类相关作品
  • 丛书相关作品
  • 出版社相关作品

书目信息

  • 表格格式
  • 工作单格式
  • 卡片格式
题名:
高中英语高效课堂教学模式的构建
    
 
作者: 白雪 著
分册:  
出版信息: 天津   天津人民出版社  2021.08
页数: 423页
开本: 24cm
丛书名: 宁河区“三名”培养工程成果系列丛书
单 册:
中图分类: G633.412
科图分类:
主题词: 英语课--课堂教学--教学研究--高中
电子资源:
ISBN: 978-7-201-17040-4
000 00959nam0 2200241 450
001 012001001566
005 20140201154855.0
010    @a978-7-201-17040-4@dCNY58.00
100    @a20220905d2021 em y0chiy50 ea
101 0  @achi@aeng
102    @aCN@b120000
105    @ay z 000yy
106    @ar
200 1  @a高中英语高效课堂教学模式的构建@Agao zhong ying yu gao xiao ke tang jiao xue mo shi de gou jian@f白雪著
210    @a天津@c天津人民出版社@d2021.08
215    @a423页@d24cm
225 1  @a宁河区“三名”培养工程成果系列丛书
330    @a本书共七章,内容包括:高效课堂教学模式的理念与作用、探究式写作课高效教学模式、六环阅读课高效教学模式、学案导学语法课高效教学模、情境式听说课高效教学模式、“知、探、释、测、结”五环复习课高效教学模式、英语高效课堂教学模式新思考。
606 0  @a英语课@x课堂教学@x教学研究@x高中
690    @aG633.412@v5
701  0 @a白雪@Abai xue@4著
801  0 @aCN@bAHXH@c20221111
905    @b1366508-12@dG633.412@e1034@f5
    
    高中英语高效课堂教学模式的构建/白雪著.-天津:天津人民出版社,2021.08
    423页;24cm.-(宁河区“三名”培养工程成果系列丛书)
    
    
    ISBN 978-7-201-17040-4:CNY58.00
    本书共七章,内容包括:高效课堂教学模式的理念与作用、探究式写作课高效教学模式、六环阅读课高效教学模式、学案导学语法课高效教学模、情境式听说课高效教学模式、“知、探、释、测、结”五环复习课高效教学模式、英语高效课堂教学模式新思考。
●
相关链接 在E读中查询图书 在五车中查询图书 在当当中查询图书 在豆瓣中查询图书


正题名:高中英语高效课堂教学模式的构建     索取号:G633.412/1034         预约/预借

序号 登录号 条形码 馆藏地/架位号 状态 备注
1 1366508   213665087   第一样本阅览室/ [索取号:G633.412/1034] 在馆    
2 1366509   213665096   教育系资料室/ [索取号:G633.412/1034] 在馆    
3 1366510   213665103   教育系资料室/ [索取号:G633.412/1034] 在馆    
4 1366511   213665112   第四借阅区/ [索取号:G633.412/1034] 在馆    
5 1366512   213665121   第四借阅区/ [索取号:G633.412/1034] 在馆    
唐山师范学院图书馆 欢迎您!
大连网信软件有限公司© 版权所有